Puchar Świata w skokach narciarskich 2023/2024 - Statystyki

Ogólne statystyki
  • Ten quiz został rozwiązany 93 razy
    75 od ostatniego zresetowania
  • Średni wynik to 44 z 67
Statystyki odpowiedzi
Miejsce Zawodnik Państwo Punkty % Poprawnych
1. Stefan Kraft Austria 2149
99%
26. Kamil Stoch Polska 256
96%
2. Ryōyū Kobayashi Japonia 1673
96%
28. Dawid Kubacki Polska 213
94%
3. Andreas Wellinger Niemcy 1488
93%
25. Piotr Żyła Polska 292
93%
34. Junshirō Kobayashi Japonia 143
90%
5. Peter Prevc Słowenia 1071
90%
13. Domen Prevc Słowenia 663
88%
4. Jan Hörl Austria 1140
88%
47. Paweł Wąsek Polska 42
88%
19. Aleksander Zniszczoł Polska 524
87%
14. Anže Lanišek Słowenia 661
87%
7. Johann André Forfang Norwegia 867
87%
16. Timi Zajc Słowenia 640
85%
17. Karl Geiger Niemcy 623
84%
18. Gregor Deschwanden Szwajcaria 552
82%
10. Pius Paschke Niemcy 778
82%
27. Alex Insam Włochy 215
81%
40. Antti Aalto Finlandia 85
81%
11. Daniel Tschofenig Austria 747
81%
21. Kristoffer Eriksen Sundal Norwegia 458
76%
55. Maciej Kot Polska 21
76%
33. Roman Koudelka Czechy 163
76%
12. Manuel Fettner Austria 703
75%
42. Tate Frantz Stany Zjednoczone 71
75%
43. Artti Aigro Estonia 66
74%
31. Giovanni Bresadola Włochy 175
74%
9. Lovro Kos Słowenia 792
74%
8. Marius Lindvik Norwegia 854
74%
37. Vladimir Zografski Bułgaria 93
74%
24. Halvor Egner Granerud Norwegia 409
72%
41. Killian Peier Szwajcaria 79
72%
6. Michael Hayböck Austria 882
72%
30. Niko Kytösaho Finlandia 189
71%
45. Євген Марусяк Ukraina 57
69%
22. Ren Nikaidō Japonia 449
68%
64. Fatih Arda İpcioğlu Turcja 3
66%
61. Valentin Foubert Francja 8
66%
64. Keiichi Satō Japonia 3
65%
20. Philipp Raimund Niemcy 461
65%
35. Erik Belshaw Stany Zjednoczone 137
62%
56. Naoki Nakamura Japonia 15
62%
52. Simon Ammann Szwajcaria 27
62%
15. Daniel Huber Austria 647
60%
29. Robert Johansson Norwegia 195
59%
58. Noriaki Kasai Japonia 10
54%
38. Daniel-André Tande Norwegia 90
53%
62. Žiga Jelar Słowenia 7
53%
63. Andrew Urlaub Stany Zjednoczone 4
51%
36. Benjamin Østvold Norwegia 131
51%
23. Stephan Leyhe Niemcy 425
51%
57. Kasperi Valto Finlandia 12
46%
64. Andrea Campregher Włochy 3
44%
49. Constantin Schmid Niemcy 39
44%
32. Clemens Aigner Austria 165
43%
46. Felix Hoffmann Niemcy 49
40%
67. Taku Takeuchi Japonia 2
40%
58. Fredrik Villumstad Norwegia 10
37%
53. Robin Pedersen Norwegia 24
37%
39. Stephan Embacher Austria 86
37%
50. Remo Imhof Szwajcaria 30
35%
51. Žak Mogel Słowenia 28
35%
53. Eetu Nousiainen Finlandia 24
28%
44. Martin Hamann Niemcy 59
28%
58. Maksim Bartolj Słowenia 10
24%
47. Sindre Ulven Jørgensen Norwegia 42
21%
Nie znaleziono quizów pasujących do podanych kryteriów
Rozkład punktacji
Procent ludzi z każdym wynikiem
Percentyl według liczby udzielonych odpowiedzi
Twoja historia wyników
Nie rozwiązałeś tego quizu od ostatniego zresetowania